| 000 | 00000nam 2200000zi 4500 |
| 001 | 9.925993 |
| 003 | CaOODSP |
| 005 | 20231127103523 |
| 006 | m o d f |
| 007 | cr mn||||||||| |
| 008 | 230809t20232022onca o f000 0 spa d |
| 020 | |a9780660499086 |
| 040 | |aCaOODSP|beng|erda|cCaOODSP |
| 043 | |an-cn--- |
| 086 | 1 |aH14-424/3-2023Spa-PDF |
| 245 | 00|aBeneficio Dental de Canadá : |bhoja de datos. |
| 250 | |a[Spanish edition]. |
| 264 | 1|a[Ottawa] : |bGovernment of Canada = Gouvernement du Canada, |c[2023] |
| 264 | 4|c©2022 |
| 300 | |a1 online resource (1 page) : |billustrations |
| 336 | |atext|btxt|2rdacontent |
| 337 | |acomputer|bc|2rdamedia |
| 338 | |aonline resource|bcr|2rdacarrier |
| 500 | |aIssued also in English under title: Canada Dental Benefit factsheet; and in French under title: Feuillet d'information pour la Prestation dentaire canadienne. |
| 500 | |aIssued by: Health Canada. |
| 500 | |a"Pub.: 230281." |
| 546 | |aText in Spanish. |
| 650 | 0|aChildren|xDental care|zCanada|xFinance. |
| 650 | 0|aChildren|xDental care|xGovernment policy|zCanada. |
| 710 | 1 |aCanada. |bHealth Canada, |eissuing body. |
| 775 | 08|tCanada Dental Benefit factsheet.|w(CaOODSP)9.926000 |
| 792 | |tBeneficio Dental de Canadá : |efre|w(CaOODSP)9.930870 |
| 795 | |tBeneficio dental de Canada hoja de datos.|b(2022)|w(CaOODSP)9.918259 |
| 856 | 40|qPDF|s596 KB|uhttps://publications.gc.ca/collections/collection_2023/sc-hc/H14-424-3-2023-spa.pdf |
| 856 | 4 |qHTML|sN/A|uhttps://www.canada.ca/en/services/health/healthy-living/dental-oral/canada-dental-benefit-multilingual-resources/fact-sheets/spanish.html |
| 986 | |a230281 |